[Event "Linares 14th"]
[Site "Linares"]
[Date "1997.02.11"]
[Round "7"]
[White "Kasparov, Garry"]
[Black "Adams, Michael"]
[Result "1-0"]
[WhiteElo "2795"]
[BlackElo "2665"]
[Annotator "Psakhis,L"]
[PlyCount "65"]
[EventDate "1997.02.04"]
[EventType "tourn"]
[EventRounds "11"]
[EventCountry "ESP"]
[EventCategory "18"]
[SourceTitle "CBM 057"]
[Source "ChessBase"]
[SourceDate "1997.04.01"]
[SourceVersion "1"]
[SourceVersionDate "1997.04.01"]
[SourceQuality "1"]

1. e4 Nf6 {Nowdays is fashionable line against Kasparov.Ivanchuk tried
Alekhine also versus Gary in Las Palmas and. unfortunately, with same result.}
2. e5 Nd5 3. d4 d6 4. Nf3 dxe5 5. Nxe5 g6 {What about 5... Nd7!?} 6. Bc4 c6 (
6... Be6 $5 7. Nc3 Bg7 8. Ne4 Bxe5 9. dxe5 Nc6 10. Nc5 Ne3 $10) 7. O-O Bg7 8.
Re1 (8. Bb3 Nd7 9. f4 O-O 10. c4 N5f6 11. Nc3 c5 $132) 8... O-O 9. Bb3 Nd7 (
9... Be6 10. Nd2 Nd7 11. Nef3 Nc7 12. Ne4 Bxb3 13. axb3 Ne6 14. c3 Re8 15. h4
Nf6 16. Neg5 Nxg5 17. hxg5 {1-0 Adams,M-Tu Hoang Thong/Yerevan olm 1996 (60)})
10. Nf3 N7f6 (10... Re8 11. Bg5 N7f6 12. Nbd2 h6 13. Bh4 Bg4 14. h3 Bxf3 15.
Nxf3 $14 {1-0 Yudasin,L-Rasmussen/Calgary op 1996 (35)}) 11. c4 {N/ Improvment
compare to} (11. h3 e6 12. c4 Ne7 13. Nc3 b6 14. Bf4 Bb7 15. Qe2 $14 {1-0
Short,N-Vaganian,R/Riga Tal 1995 (47)}) 11... Nc7 (11... Nb6 $6 {[%csl Rb6]})
12. h3 $5 {Kasparov as usual very accurate in opening and he does't allow to
his opponent to exchange bad bishop.} (12. Nc3 Bg4) 12... c5 (12... b5 $5) 13.
Nc3 cxd4 14. Nxd4 Ne6 (14... Qd6 15. Be3 Rd8 16. Ndb5 Nxb5 17. Nxb5 $16) 15.
Be3 Nxd4 16. Qxd4 $1 Be6 (16... Qxd4 17. Bxd4 {and White's pawn majority on
the queen side will be importand in  ending.} Be6 $140 18. Nb5 $36) 17. Qh4 $14
Qa5 18. c5 $1 Bxb3 $6 {Too optimistic. Modest} (18... Bd7 $5 19. Bd4 Rfe8 {
was stronger.}) 19. axb3 Qc7 20. b4 a6 $6 (20... Rfe8 $5 21. Nb5 (21. Bf4 Qc6)
21... Qb8 (21... Qc6 22. Nxa7 Qe4 23. Qxe4 Nxe4 24. Ra2 Red8 25. b5 $16) 22.
Bf4 e5 23. Bg5 Re6 24. Rad1 $16) 21. Bf4 $1 Qc6 (21... Qd7 22. Rad1 Qe8 23. Bd6
$18) 22. Rxe7 Nd5 (22... Nd7 23. Ne4 Rae8 (23... Bxb2 24. Rd1 Rad8 25. Bh6 Bf6
(25... Bg7 26. Bxg7 Kxg7 27. Rd6 Qa4 28. Ng5 h5 29. Ne6+ $18) (25... Nf6 26.
Rd6 $1 Rxd6 27. Nxd6 Nd5 28. Rxf7 $1 $18)) 24. Rd1 Rxe7 25. Qxe7 Nf6 26. Nc3
$16) 23. Nxd5 Qxd5 24. Qg4 $1 {[%cal Rg4d7,Ra1d1]} Rae8 (24... Rad8 $5) 25. Qd7
$1 $18 {The best.Black can't defend important pawn on b7 after queen's
exchange.} Qxd7 26. Rxd7 Bxb2 {What else?} (26... Re4 27. Bd6 Rxb4 28. c6 $1
$18 {lose immediately.}) 27. Rad1 $1 Re4 28. Bd6 Rc8 (28... Rxb4 29. c6 $1) 29.
Rxb7 Bc3 30. Rb1 Rc4 $6 (30... h5 $5) 31. Rc1 $1 Rxb4 32. c6 Rd4 (32... Bd2 33.
Rxb4 Bxc1 34. c7) 33. c7 (33. c7 Rxd6 34. Rb8 Rc6 35. Rxc8+ Kg7 36. Kf1 Kf6 37.
Ke2 Ke7 38. Kd3 Kd7 39. Ra8) 1-0

[Event "Linares 14th"]
[Site "Linares"]
[Date "1997.02.14"]
[Round "9"]
[White "Kasparov, Garry"]
[Black "Polgar, Judit"]
[Result "1-0"]
[WhiteElo "2795"]
[BlackElo "2645"]
[Annotator "Ftacnik,L"]
[PlyCount "81"]
[EventDate "1997.02.04"]
[EventType "tourn"]
[EventRounds "11"]
[EventCountry "ESP"]
[EventCategory "18"]
[SourceTitle "CBM 057"]
[Source "ChessBase"]
[SourceDate "1997.04.01"]
[SourceVersion "1"]
[SourceVersionDate "1997.04.01"]
[SourceQuality "1"]

1. e4 c5 2. Nf3 e6 3. d4 cxd4 4. Nxd4 Nc6 5. Nc3 Qc7 6. Be2 a6 7. O-O Nf6 8.
Be3 Bb4 9. Na4 Bd6 10. g3 $1 (10. Nxc6 $6 {Ribli} bxc6 11. Nb6 Rb8 12. Nxc8
Rxc8 13. Bxa6 Ra8 14. Bd3 Bxh2+ 15. Kh1 Bf4 16. Qf3 Bxe3 17. Qxe3 Ng4 18. Qh3
h5 $40 {Hoffman,R-Matulovic,M/EUCup Vilnius/1995/EXP50/}) 10... Be7 (10... Nxe4
11. Bf3 f5 12. Nb6 Qxb6 13. Nxf5 $36) (10... b5 {Ribli} 11. Nb6 (11. Nc3 Bb4
12. Bf3 Bb7 13. Bg2 Ne5 14. Re1 Bxc3 15. bxc3 {1-0 Ivanovic,B-Karlsson,P/WchJT
U26 Graz 1972/MCD-ch (31)}) (11. Nxc6 Qxc6 12. Nb6 Bb7 13. Nxa8 Qxe4 14. Bf3
Qxf3 15. Qxf3 Bxf3 {1/2-1/2 Apicella,M-Cerisier,P/FRA-ch Strasbourg 1992/EXT
92ch2 (47)}) 11... Rb8 12. Nxc8 Rxc8 13. a4 $14 Nxd4 14. Bxd4 e5 15. Be3 Bc5
16. Bxc5 {1-0 Suetin,A-Taimanov,M/URS-chT Riga 1968/MCD-ch (41)}) 11. c4 $1 (
11. Nxc6 $6 bxc6 12. c4 (12. Nb6 Rb8 13. Nxc8 Qxc8 14. e5 Nd5 15. Bd4 c5 16. c4
cxd4 17. cxd5 Rxb2 18. Rc1 Qb8 19. dxe6 fxe6 20. Bxa6 Qxe5 21. Qa4 Rb8 22. Rfe1
Qd6 23. Bd3 Bf6 24. Qc2 g6 25. h4 Ke7 26. Qe2 Ra8 {1/2-1/2 Ekstroem,
R-Matulovic,M/Banja Luka 1987/EXT 87}) (12. e5 Nd5 13. Bd2 c5 14. Bf3 Rb8 15.
a3 c4 16. Bxd5 exd5 17. Nc3 Qc6 {Kuzmin,G-Matulovic,M/Rovinj/Zagreb 1975/
MCD-r7/1/2-1/2 (82)}) (12. f3 c5 13. c4 O-O 14. Qc2 Bb7 15. Rac1 Rac8 16. Bd3
h6 17. Rfe1 d6 {1/2-1/2 Milic,B-Minic,D/Belgrade 1964/MCD-r6 (49)}) 12... Nxe4
13. c5 O-O 14. Bd3 d5 15. cxd6 Nxd6 16. Qc2 $44 {0-1 Hansen,S-Hansen,C/
Copenhagen PC 1996/CBM 54 (44)}) 11... d6 (11... Nxe4 12. Bf3 Nf6 13. c5 $16
O-O 14. Rc1 g6 15. Re1 e5 16. Nb3 d6 17. cxd6 Bxd6 18. Na5 e4 19. Bb6 Qd7 20.
Nxc6 exf3 21. Qxf3 Ng4 22. h3 bxc6 23. hxg4 Qxg4 24. Qxc6 Qd7 25. Qxd7 {
1/2-1/2 Gallagher,J-Barlov,D/Lenk op 1989/EXT 89op}) 12. f3 (12. Nxc6 bxc6 13.
c5 d5 14. Nb6 Ra7 (14... Rb8 $2 15. exd5 exd5 $140 $2 16. Bf4 $18) 15. e5 Nd7
16. f4 a5 $1 {/\ Ba6; Kasparov}) 12... Bd7 13. Rc1 O-O 14. Nxc6 Bxc6 15. Nb6
Rad8 16. b4 $1 $14 (16. Nd5 Bxd5 17. cxd5 Qd7 18. dxe6 Qxe6 $1 $14) 16... Qb8 (
16... Be8 17. a4 $16 {/\ a4-a5}) 17. b5 Be8 18. a4 Nd7 19. Nxd7 Rxd7 20. Qb3
Qc7 21. Rfd1 Rd8 22. Bd4 Ra8 23. Qc3 axb5 (23... f6 24. a5 e5 25. Bb6 Qc8 26.
Qe3 $16 {/\ c5; Kasparov}) (23... e5 24. Bf2 a5 (24... Bd7 25. a5 $16) 25. c5
$16 {Kasparov}) 24. cxb5 Qxc3 25. Rxc3 Rxa4 26. Rc7 Bg5 27. Bf2 (27. Rxb7 $4
Rxd4 28. Rxd4 Be3+) (27. f4 $6 e5 $1 $132) 27... b6 28. Rb7 Ra2 29. Bf1 Rb2 30.
f4 $6 (30. Rxd6 $142 {Kasparov}) 30... Bf6 $2 (30... Bd8 31. Bxb6 Bc6 $1 32.
bxc6 Bxb6+ 33. Kh1 $16) 31. Rxb6 $16 Bc3 32. Rb7 g5 33. f5 $1 {>< Be8} Bb4 34.
f6 h5 35. Rc1 Kh7 36. Rb8 d5 37. exd5 Bd6 38. Rd8 Be5 39. Rcc8 Bxb5 40. Bxb5
Rxd8 41. Bd3+ 1-0

[Event "Linares 14th"]
[Site "Linares"]
[Date "1997.02.15"]
[Round "10"]
[White "Shirov, Alexei"]
[Black "Kasparov, Garry"]
[Result "0-1"]
[WhiteElo "2690"]
[BlackElo "2795"]
[Annotator "Knaak,R"]
[PlyCount "76"]
[EventDate "1997.02.04"]
[EventType "tourn"]
[EventRounds "11"]
[EventCountry "ESP"]
[EventCategory "18"]
[SourceTitle "CBM 057"]
[Source "ChessBase"]
[SourceDate "1997.04.01"]
[SourceVersion "1"]
[SourceVersionDate "1997.04.01"]
[SourceQuality "1"]

1. e4 c5 2. Nf3 d6 3. d4 cxd4 4. Nxd4 Nf6 5. Nc3 a6 6. Be3 Ng4 {Die Bilanz der
Schwarzen mit diesem Zug ist ausgezeichnet. Nach den neuesten Ergebnissen kann
ich nur jedem raten, die Finger von 6.Le3 zu lassen.} 7. Bg5 h6 8. Bh4 g5 9.
Bg3 Bg7 {Es gelang bisher selten, aus der zweifellos etwas geschwächten
schwarzen Stellung am Königsflügel Nutzen zu ziehen.} 10. Be2 h5 11. Bxg4 Bxg4
12. f3 Bd7 13. O-O (13. Bf2 Nc6 14. Qd2 (14. Nd5 Rb8 15. O-O e6 16. Nxc6 bxc6
17. Ne3 d5 {0-1 Smirin,I-Kasparov,G/Erevan olm 1996 (40)}) 14... Ne5 15. O-O e6
16. b3 Ng6 17. Rad1 g4 18. f4 h4 19. Nde2 h3 20. g3 Rc8 21. e5 d5 {0-1 Anand,
V-Kasparov,G/Geneva Credit Suisse 1996 (54)}) 13... Nc6 14. Bf2 e6 $1 (14...
Rc8 15. Nd5 (15. Nxc6 bxc6 16. Bd4 f6 17. Qd3 Rb8 18. Nd1 c5 19. Bf2 O-O {
1/2-1/2 Tiviakov,S-Georgiev,K/Cacak 1996 (33)}) 15... e6 16. Nxc6 Rxc6 (16...
bxc6 17. Bb6 $18) 17. Bd4 $1 Be5 18. Ne3 f6 19. Rf2 Ke7 20. c3 Qa5 21. Rd2 Rhc8
22. Bxe5 Qxe5 23. Rd4 Qc5 24. Qd2 h4 25. Rd1 b5 26. Kh1 Be8 27. Ng4 Qb6 28. e5
$1 dxe5 29. Rd7+ {1-0 Bologan,V-Ribli,Z/BL9697 (35)}) 15. Nce2 (15. Nxc6 Bxc6
16. Bd4 Be5 17. Bxe5 dxe5 18. Qxd8+ Rxd8 19. Rad1 {=/=/+ (Poldauf)}) 15... Ne5
16. b3 g4 17. f4 h4 $1 18. Be3 (18. fxe5 dxe5 {/\ g3->}) 18... h3 19. g3 Nc6 {
Die Bauernstruktur am Königsflügel ist festgelegt und momentan ohne große
Bedeutung. Doch auf lange Sicht wird Weiß mit seinem König Probleme bekommen,
sofern die Damen auf dem Brett bleiben.} 20. Qd3 O-O 21. Rad1 f5 22. c4 Qa5 23.
Nc3 $2 {Der Springer steht schlecht, weil er nur durch die Dame gedeckt ist,
was ihre Aktivität einschränkt. Zudem vergibt Weiß hier die Chance, etwas für
den oben erwähnten Damentausch zu tun:} ({Nach} 23. Qd2 Qxd2 24. Rxd2 fxe4 25.
Nxc6 Bxc6 26. Rxd6 {sollte Weiß nicht schlechter stehen.}) (23. Qd2 $11) 23...
Rae8 24. Rfe1 e5 $1 {Schwarz übernimmt die Initiative. Das Ziel, Öffnung der
Stellung rückt näher.} 25. Nxc6 (25. Nde2 exf4 26. Bxf4 Ne5 27. Bxe5 Bxe5) (25.
Nxf5 Bxf5 26. exf5 exf4 $19) 25... Bxc6 26. b4 $6 (26. fxe5 {war notwendig.}
dxe5 (26... Bxe5) 27. Nd5) 26... Qa3 $1 (26... Qxb4 27. Nd5 Qa5 28. Bb6 Qxa2
29. Rd2 fxe4 30. Rxe4 Qa4 31. fxe5) 27. b5 (27. Ne2 Qxd3 28. Rxd3 exf4 29. Bxf4
Rxe4 30. Bxd6 Rd8 {mit schwarzer Gewinnstellung.}) 27... exf4 28. Bxf4 axb5 29.
cxb5 Qc5+ 30. Be3 Qxc3 31. bxc6 Qxc6 32. Qxd6 Qxe4 33. Qd5+ Qxd5 34. Rxd5 Bc3 {
Die Fesselung des Be3 ist tödlich.} 35. Re2 Re4 36. Kf2 Rfe8 37. Rd3 Bf6 38.
Red2 Rxe3 $1 (38... Rxe3 39. Rxe3 Rxe3 40. Kxe3 Bg5+ 41. Ke2 Bxd2 42. Kxd2 f4 {
wäre die Folge.}) 0-1

[Event "Catonsville sim"]
[Site "Catonsville"]
[Date "1997.05.17"]
[Round "?"]
[White "Kasparov, Garry"]
[Black "Atlas, Valeri"]
[Result "1-0"]
[WhiteElo "2795"]
[BlackElo "2460"]
[PlyCount "107"]
[EventDate "1997.05.17"]
[EventType "simul"]
[EventRounds "1"]
[EventCountry "USA"]
[SourceTitle "EXT 1998"]
[Source "ChessBase"]
[SourceDate "1997.11.17"]
[SourceVersion "1"]
[SourceVersionDate "1997.11.17"]
[SourceQuality "1"]

1. d4 Nf6 2. c4 e6 3. Nf3 b6 4. g3 Ba6 5. b3 d5 6. Bg2 dxc4 7. Ne5 Bb4+ 8. Kf1
Nd5 9. Nxc4 Bd6 10. e4 Ne7 11. Bb2 Nbc6 12. Nbd2 e5 13. d5 Na5 14. Kg1 Nxc4 15.
Nxc4 Bxc4 16. bxc4 O-O 17. Bh3 f5 18. Kg2 Qe8 19. Rf1 f4 20. f3 Kh8 21. a4 a5
22. Ba3 Qg6 23. Qc1 Rab8 24. Rb1 h5 25. Bxd6 cxd6 26. Be6 Qg5 27. Kh1 Qh6 28.
g4 hxg4 29. Bxg4 Ng8 30. Rg1 Nf6 31. Bf5 g5 32. Rg2 Nh5 33. Kg1 Qf6 34. Bg4 Ng7
35. Qe1 Qe7 36. Qf2 Qd8 37. h4 gxh4 38. Rh2 Kg8 39. Rxh4 Qg5 40. Rh2 Kf7 41.
Rxb6 Qd8 42. Rb5 Qc7 43. Rh6 Rh8 44. Rxh8 Rxh8 45. c5 Qa7 46. Rb6 Rb8 47. Qb2
Rxb6 48. Qxb6 Qe7 49. cxd6 Qh4 50. d7 Qe1+ 51. Kg2 Qe2+ 52. Qf2 Qxf2+ 53. Kxf2
Ke7 54. Ke2 1-0

[Event "Buenos Aires sim"]
[Site "Buenos Aires"]
[Date "1997.09.06"]
[Round "1"]
[White "Kasparov, Garry"]
[Black "Panno, Oscar"]
[Result "1-0"]
[WhiteElo "2820"]
[BlackElo "2450"]
[Annotator "Winants,L"]
[PlyCount "75"]
[EventDate "1997.09.06"]
[EventType "simul"]
[EventRounds "1"]
[EventCountry "ARG"]
[SourceTitle "CBM 061"]
[Source "ChessBase"]
[SourceDate "1997.11.23"]
[SourceVersion "1"]
[SourceVersionDate "1997.11.23"]
[SourceQuality "1"]

{[%mdl 4200]} 1. d4 Nf6 2. c4 e6 3. Nc3 Bb4 4. Qc2 O-O 5. a3 Bxc3+ 6. Qxc3 b6
7. Bg5 c5 8. e3 d6 9. dxc5 bxc5 {Il s'agit d'une variante classique de la
défense Nimzo-indienne. Les Blancs occupent le centre avec les pions et
disposent aussi de la paire de Fous. Mais les Noirs comptent sur le contrôle
des cases blanches (point e4, diagonale a8-h1) pour obtenir du contre-jeu.} 10.
O-O-O $1 {Un nouveauté théorique qui remplace avantageusement le coup habituel
10.Bd3} Ne4 {[#] Voilà qui paraît bon.} ({Supposons} 10... Ne4 11. Bxd8 Nxc3
12. Rxd6 {, il suivrait} Ne4 $1 {[%csl Rd6,Ge4,Rf2,Rh1][%cal Ye4d6,Ye4f2,Yf2h1]
gagnant du matériel.}) 11. Qd3 $3 {[%csl Rd6] Une réplique ahurissante et
vraiment admirable.} ({Remarquez que le coup apparemment plus solide} 11. Qc2 {
, n'aurait pas atteint son but, car après} Nxg5 12. h4 {les Noirs auraient pu
continuer soit par} f5 ({soit avec} 12... Nh3 13. Nxh3 Qe7) 13. hxg5 Bb7 {
obtenant une bonne partie dans les deux cas.}) ({Or après} 11. Qd3 {, la
menace contre d6 réduit le choix des Noirs.}) 11... Nxf2 {Forcé:} ({si} 11...
Nxg5 12. h4 {[%cal Rh4g5,Rd3d6]}) 12. Bxd8 Nxd3+ 13. Bxd3 Rxd8 14. Be4 {
[%cal Re4a8] La pointe des coups précédents. Les Noirs sont contraints de
lâcher du lest.} d5 $8 15. cxd5 Bb7 (15... f5 16. Bf3 e5 17. d6 e4 18. Be2 Be6
19. Nh3 $16 {[%cal Yh3g5,Yh3f4]}) 16. Ne2 {[%csl Ya8,Yb8,Gc1,Rc5] La position
s'est éclaircie et on peut d'ores et déjà conclure а un avantage blanc: ils
jouissent d'une avance en développement, leur Roi est plus rapproché du centre
et le pion c5, isolé sur le flanc-Dame, est vulnérable.} Nd7 {Un coup
maladroit.} ({Toutefois,} 16... exd5 17. Nc3 Nd7 18. Bxd5 Bxd5 19. Rxd5 {
n'était guère plus attrayant.}) 17. dxe6 Bxe4 18. e7 $1 {Un joli contre-pied.}
({Plus faible serait} 18. exd7 Bxg2 19. Rhg1 Bf3 20. Rge1 Bg4 {etc.}) 18... Re8
19. Rxd7 f6 {[%csl Re7][%cal Yg8f7] La réponse naturelle. Le grand-maître
Oscar Panno, ancien candidat au titre mondial, projette de jouer ...Kf7, pour
capturer le dangereux pion passé au plus vite.} ({Nous avons pourtant passé
beaucoup de temps а analyser les conséquences de} 19... Bxg2 {Une fois la
solution trouvée, tout paraît simple.} 20. Rg1 $1 {[%csl Gd6,Ge8][%cal Ye2g3,
Yg3f5,Yf5d6,Yg3e4,Ye4d6,Ye2c3,Yc3e4,Yc3b5,Yb5d6,Yd6e8] la suite adéquate car
le plan des Blancs consiste surtout а transférer leur Cavalier vers d6} (20.
Rhd1 {[%csl Gd8] préparant 21.Rd8} f6 $1 (20... Bf3 $2 {serait un coup dans
l'eau, car après} 21. Rd8 f6 22. e4 $3 {pour libérer le Ne2 du clouage et
attirer le Fou sur une case exposée.} Bxe4 23. Ng3 {[%csl Gd6][%cal Yg3f5,
Yf5d6] les Blancs gagneraient en conduisant ce Cavalier vers d6.}) 21. Ng3 g6 {
et les Noirs tiennent bon.}) 20... Bc6 ({si} 20... Be4 21. Ng3 Bg6 22. Rgd1 {
[%csl Gd8,Ge8][%cal Yd7d8,Ye7e8,Yd1d8] suivi de 23.Rd8}) ({ou} 20... Bh3 21.
Rc7 f6 22. Nc3 {[%csl Gd6,Ge8][%cal Yc3e4,Yc3b5,Ye4d6,Yb5d6,Yd6e8] et le
Cavalier arrive а destination via b5 ou e4.}) 21. Rc7 Rec8 (21... Bf3 22. Ng3)
22. Rxc8+ (22. Rd1 Rxc7 23. Rd8+ Be8 24. Rxa8 Rxe7) 22... Rxc8 23. Rd1 Re8 24.
Rd6 $1 Bf3 {et maintenant:} 25. Ng3 $1 {[%csl Gd6,Ge8][%cal Yg3f5,Yf5d6,Yd6e8]}
(25. Rd8 Bc6 26. b4 ({un faux espoir serait} 26. Ng3 f6 27. Nf5 Kf7 $1 28. Nd6+
Kxe7 $17 {et les Noirs prennent le dessus.}) 26... f6 (26... cxb4 27. Nd4 Ba4
28. Nf5) 27. bxc5 Kf7 28. Nd4 Be4 29. Nb5 Rxe7 30. Nd6+ Kg6 {et le pion passé
en c5 favorise les Blancs.}) 25... f6 ({si} 25... g6 26. Rd8 Bc6 27. Ne4 {
[%csl Rf6]} Kg7 28. Rxe8 Bxe8 29. Nd6 {[%csl Gd6,Ge7] et gagne}) 26. Nf5 Kf7 ({
ou} 26... a5 27. Rd7 $1 {[%cal Yf5d6]} Bg4 $8 28. Rd8 Kf7 29. Nd6+ Kxe7 30.
Rxe8+ Kxd6 31. Ra8 {[%csl Ra5]}) 27. Rd2 Rxe7 28. Nxe7 Kxe7 29. Kc2 {[%csl Rc5]
[%cal Yc2c5] et les Blancs devraient l'emporter.}) 20. Ng3 Bg6 ({Le pion g2 ne
pouvait toujours pas être pris:} 20... Bxg2 21. Rg1 Bc6 (21... Bh3 22. Rb7 {
le plus précis} (22. Rc7 Rac8 23. Rxa7 Kf7 24. Ne4 Rc6) 22... Rab8 (22... Kf7
23. Ne4 Rxe7 24. Rxe7+ Kxe7 25. Rxg7+ Ke6 26. Rxh7 {et les Blancs auront
bientôt deux pions de plus.}) ({ou} 22... Reb8 23. Rc7 Rc8 24. Rxc8+ Rxc8 25.
Ne4) 23. Rxa7 Kf7 24. Ne4 Rb6 25. Nxc5 {avec gain facile.}) 22. Rc7 Rec8 23.
Rxc8+ Rxc8 24. Nf5 g6 25. Nd6 Ra8 26. Rg4 {[%csl Rc5,Gd6,Ge7][%cal Yg4c4] et
le soldat avancé étant enfin en sécurité, les Blancs gagnent tranquillement.})
21. h4 $1 {[#] Un coup d'apparence anodine, mais extrêmement instructif.
Kasparov a pour but de bloquer les pions du flanc-Roi afin de créer des points
d'appui au profit du Cavalier et de combattre ainsi le Fou efficacement.} h6 {
Pour reculer le Fou en h7 et garder le contrôle sur f5.} ({Si} 21... h5 22.
Rhd1 Kf7 23. R1d5 {etc.}) 22. h5 Bh7 23. Rh4 $1 {[%csl Rc5][%cal Yh4c4] La
goutte d'eau qui fera déborder le vase. La Tour se dirige vers c4 pour
molester le pion c5.} Kf7 24. Rc4 Rxe7 25. Rxe7+ Kxe7 26. Rxc5 {[%csl Yf5,Yg3,
Yg7]} Kd6 27. b4 $18 {La cause est entendue. Mais ne ratez surtout pas
l'occasion d'admirer la technique du champion. Elle vaut le détour.} Re8 28.
Kd2 Re5 29. Rxe5 Kxe5 30. a4 Bg8 31. b5 Bb3 ({Une variante instructive serait} 
31... Bd5 32. e4 $1 Bxe4 33. Nxe4 Kxe4 34. Kc3 {et les Blancs gagnent car le
pion h5 surveille deux fantassins а la fois (g7 et h6). Par exemple,} Kd5 35.
Kb4 Kd6 36. a5 ({ou} 36. Ka5) 36... Kc7 37. Kc5 Kb7 38. g4 Kc7 39. b6+ axb6+
40. axb6+ Kb7 41. Kb5 Kb8 42. Kc6 Kc8 43. b7+ $1 ({beaucoup plus rapide que} 
43. Kd6) 43... Kb8 44. Kb6 f5 45. gxf5 g6 46. hxg6 h5 47. g7 {et mat au coup
suivant.}) 32. a5 Bc4 {Précipite les événements.} ({Toutefois} 32... f5 {
n'aurait pas sauvé les Noirs:} 33. Ne2 {[%csl Ra7,Rc6,Gd4,Rf5][%cal Ye2d4,
Yd4f5,Yd4c6,Yc6a7]} Bd5 34. g3 Bf3 35. Nd4 Bb7 36. Kc3 Bd5 37. Nc6+ Bxc6 38.
bxc6 Kd6 39. Kd4 Kxc6 (39... a6 40. c7) 40. Ke5 Kb5 41. Kxf5 Kxa5 42. e4 Kb6
43. e5 a5 44. e6 Kc7 45. Kg6 {et les Blancs arrivent les premiers.}) 33. b6
axb6 34. axb6 Bd5 35. e4 $1 Bb7 36. Ke3 Bc6 37. Nf5 Bxe4 38. g4 $1 {[%csl Yf6,
Yg7,Yh6][%cal Yh5h8] [#] Nous sommes enfin en mesure d'apprécier les effets du
21e coup blanc. Tous les pions Noirs sont condamnés.} (38. g4 Bd5 39. Nxg7 Kd6
40. Nf5+ Kc5 41. Nxh6 Kxb6 42. Nf5 Kc5 43. Ne7 $1 Bb3 44. h6 Bc2 45. Nf5 $1 {
[%csl Gh8][%cal Yh6h8] et le pion va а Dame.}) 1-0

[Event "Tilburg Fontys"]
[Site "Tilburg"]
[Date "1997.09.29"]
[Round "3"]
[White "Shaked, Tal"]
[Black "Kasparov, Garry"]
[Result "0-1"]
[WhiteElo "2500"]
[BlackElo "2820"]
[Annotator "Ftacnik,L"]
[PlyCount "40"]
[EventDate "1997.09.27"]
[EventType "tourn"]
[EventRounds "11"]
[EventCountry "NED"]
[EventCategory "17"]
[SourceTitle "CBM 061"]
[Source "ChessBase"]
[SourceDate "1997.11.23"]
[SourceVersion "1"]
[SourceVersionDate "1997.11.23"]
[SourceQuality "1"]

1. d4 Nf6 2. c4 g6 3. Nc3 d5 4. cxd5 Nxd5 5. e4 Nxc3 6. bxc3 Bg7 7. Be3 c5 8.
Qd2 Qa5 9. Rb1 b6 10. Bb5+ Bd7 11. Be2 Bc6 (11... O-O 12. Rc1 Bb5 13. d5 Nd7
14. c4 Qxd2+ 15. Kxd2 Ba4 16. Nh3 e6 17. Nf4 Rae8 18. f3 Ne5 19. Rc3 Bd7 20.
Ra3 exd5 21. exd5 h5 22. Rxa7 Bf5 23. Rd1 Ra8 24. Rxa8 Rxa8 25. Ke1 Rxa2 26. d6
Nd7 27. Nd5 Kf8 {1-0 Karpov,A-Timman,J/FIDE-Wch 1993/(52)}) (11... cxd4 12.
cxd4 Nc6 13. Qxa5 Nxa5 14. Ba6 O-O 15. Ne2 Bc8 16. Bd3 Bb7 17. Kd2 Rfc8 18.
Rhc1 e6 19. f3 Bf8 20. h4 Nc6 21. h5 Ba3 22. Rc2 Nb4 23. Rxc8+ Rxc8 24. Rb3
Nxd3 25. Rxa3 Nb2 26. Rxa7 {Jussupow,A-Lalic,B/EU-chTM 1997/1-0 (41)}) 12. Bd3
Nd7 (12... O-O 13. Ne2 e6 (13... c4 14. Bc2 Qxa2 15. O-O Ba4 16. Bxa4 Qxa4 17.
Bh6 Bxh6 18. Qxh6 Qc2 19. Rbe1 Nc6 20. Nf4 Kh8 21. Re3 {Ostojic,N-Mikhalevski,
V/Kiev Platonov 1995/0-1 (42)}) 14. h4 Nd7 15. h5 Nf6 16. f3 Nxh5 17. g4 Nf6
18. Bh6 Bh8 19. Bxf8 Rxf8 20. Rh3 Bg7 21. e5 Nd5 22. f4 f6 23. exf6 Nxf6 {
Epishin,V-Sokolov,I/Biel izt 1993/1-0 (68)}) 13. Ne2 Rd8 $1 14. f3 (14. O-O
cxd4 15. cxd4 Qxd2 16. Bxd2 Nc5 17. dxc5 Rxd3 18. Be3 bxc5 19. Bxc5 $15) 14...
O-O 15. h4 (15. Rc1 Bb7) 15... h5 16. Bg5 Rfe8 (16... cxd4 $6 17. cxd4 Qxd2+
18. Kxd2 f6 19. Bf4 $14) 17. Rc1 (17. O-O cxd4 18. cxd4 Qxd2 19. Bxd2 Nc5 20.
dxc5 Rxd3 21. Bb4 a5 22. Be1 bxc5 $17) 17... Bb7 18. d5 $2 {The real reason
for white´s disaster, the center loses dynamics and becomes prone to attack.
Die Ursache fur den weissen Miserfolg, das Zentrum verliert dynamik und wird
damit empfindlicher.} (18. O-O f6 19. Bh6 e5 20. Bxg7 Kxg7 21. d5 $15) 18...
Ne5 19. Bb1 Nc4 20. Qf4 $4 (20. Qd1 Na3 21. Qb3 Ba6 $17) (20. Qc2 Ba6 $17)
20... Be5 0-1